000 008870000a22002050004500
020 _a0-19-213953-3
082 0 4 _aG 261.55 P356s
100 1 _aPeacocke, A. R.
245 1 0 _aScience and the Christian experiment / A. R. Peacocke
260 _aLondon : Oxford University Press
300 _axiii, 214 páginas
501 _aPasta dura
505 0 0 _aLas empresas científicas y teológicas - De la materia al hombre - Características distintivas de los procesos de evolución inorgánica y biológica - El experimento cristiano - Dios y el cosmos - Hombre, evolución y Cristo - La materia en las perspectivas teológicas y científicas - Hombre en un mundo científico
650 1 4 _aCiencia y Cristianismo \ Religión y ciencia
001 19575
942 _cBK
999 _c45937
_d45937
336 _atexto
_btxt
_2rdacontent
337 _2rdamedia
_asin mediación
_bn
338 _2rdacarrier
_avolumen
_bnc